Most Expensive U.S Metro Areas by Total Housing Value - Statistics

General Stats
  • This quiz has been taken 17 times
  • The average score is 15 of 16
Answer Stats
Market Value (Billion $) Metro Area % Correct
$ 1,322 B Boston
100%
$ 946 B Dallas
100%
$ 744 B Houston
100%
$ 3,864 B Los Angeles
100%
$ 1,233 B Miami
100%
$ 4,624 B New York City
100%
$ 1,031 B San Diego
100%
$ 1,850 B San Francisco
100%
$ 1,113 B Seattle
100%
$ 866 B Atlanta
93%
$ 1,219 B Chicago
93%
$ 932 B Philadelphia
93%
$ 886 B Phoenix
93%
$ 1,296 B Washington D.C
93%
$ 995 B San Jose
80%
$ 849 B Riverside
67%
No matching quizzes found
Score Distribution
Percent of People with Each Score
Percentile by Number Answered
Your Score History
You have not taken this quiz